[Event "Czech Olympiad Nomination 2018"]
[Site "Prague"]
[Date "2018.05.29"]
[Round "5"]
[White "Stocek, Jiri"]
[Black "Nguyen, Thai Dai Van"]
[Result "1-0"]
[WhiteElo "2574"]
[BlackElo "2549"]
[Annotator "TA"]
[PlyCount "161"]
[EventDate "2018.??.??"]
[EventType "tourn"]
[EventCountry "CZE"]
[SourceTitle "playchess.com"]
[Source "ChessBase"]
[SourceQuality "1"]

{[%evp 23,161,7,12,5,18,9,25,0,0,5,7,7,8,9,7,9,15,0,12,0,4,0,0,0,0,0,4,4,23,18,34,28,35,25,43,27,27,36,57,57,72,57,57,41,41,37,38,42,62,22,30,8,9,15,27,0,25,0,0,0,0,0,0,0,0,0,0,0,0,0,0,0,0,0,0,0,5,0,0,0,0,0,0,0,0,0,0,0,0,0,0,0,0,0,9,12,19,0,0,0,0,0,0,0,0,0,0,0,0,0,0,0,0,0,0,0,0,0,0,0,12845,12845,12846,12847,12847,0,0,0,0,0,12847,12847,12848,12847,12848,0,12848,12848,12849,12849]} 1. Nf3 d5 2. g3 Nf6 3. Bg2 e6 4. O-O Be7 5. c4 O-O 6. b3 b6 7. Bb2 Bb7 8. e3 dxc4 9. bxc4 c5 10. Nc3 Nbd7 {A14: English Opening: 1...e6 with b3 by White} (10... Nc6 11. Qe2 Rc8 12. Ne1 Qd7 13. f4 Rfd8 14. Rd1 Na5 15. Bxb7 Qxb7 16. d3 a6 17. a4 Ne8 18. f5 Bf6 19. fxe6 fxe6 {0-1 (49) Giri,A (2771)-So,W (2812) Stavanger 2017}) 11. Qe2 Ne4 12. Nxe4 Bxe4 {LiveBook: 9 Games. The position is equal.} 13. Rfd1 Qc7 14. a4 $146 ({Predecessor:} 14. Rac1 Qb7 15. d3 Bc6 16. d4 Rad8 17. Ne1 Bxg2 18. Nxg2 Nf6 19. Nf4 cxd4 20. exd4 Rfe8 21. Nd3 Rc8 {½-½ (21) Botvinnik,M-Polugaevsky,L Belgrade 1969}) 14... Rac8 15. d3 Bc6 16. Nd2 Bxg2 17. Kxg2 Bf6 18. Bxf6 Nxf6 {[#]} 19. a5 $1 {[%mdl 512]} Rfd8 (19... bxa5 20. Ra2) 20. axb6 axb6 21. Ra3 Ra8 22. Rda1 Rxa3 23. Rxa3 Nd7 24. Nf3 Qc6 25. Qb2 Qb7 26. Qa1 Nb8 27. Ra7 $36 {[%mdl 2048] White has good play.} Qc8 28. Ra8 {Strongly threatening Qa7.} Qb7 29. Qa7 Qxa7 30. Rxa7 $11 {[%mdl 4096] Endgame KRN-KRN} Nd7 31. Kf1 Kf8 32. Ke2 Ke8 33. g4 h6 34. h4 Rb8 35. g5 hxg5 36. hxg5 f6 37. gxf6 gxf6 38. Nd2 f5 39. d4 Ke7 40. Nb1 Rc8 41. Kd3 Rd8 42. Nc3 Kf6 43. f4 cxd4 44. exd4 Nc5+ 45. Ke3 Nb3 46. Ne2 Na5 47. Rc7 Rb8 48. d5 exd5 49. cxd5 b5 50. Ra7 Nc4+ 51. Kd4 Nd6 52. Ra6 Ke7 53. Ra7+ Kf6 54. Ra6 Ke7 55. Ke5 Rd8 56. Ng3 Nc4+ 57. Kd4 Nd6 58. Kc5 {Hoping for Rxd6!} Rc8+ 59. Rc6 Rg8 $1 {[%cal Rg8g3]} 60. Rxd6 Rxg3 {KR-KR} 61. Re6+ Kd7 62. Rf6 Ke7 63. Rxf5 Rc3+ 64. Kd4 Rc1 65. Re5+ Kd7 66. Re6 b4 67. Rb6 Rf1 68. Ke5 {aiming for Rb7+.} Re1+ 69. Kf6 Rb1 $1 70. f5 {[%cal Bf4f5,Bf5f6][%mdl 32]} b3 71. Kf7 b2 $2 {[%mdl 8192]} (71... Kc7 $11 72. Rc6+ Kd7) 72. f6 $1 $18 Kc7 73. Rc6+ $1 Kd7 74. Rb6 $2 (74. Rc2 $1 $18 {[%cal Rc2g2] Threatens to win with Rg2.} Kd6 75. Re2) 74... Kd8 75. Rd6+ $2 {[%mdl 8192]} (75. Rb7 $11 Kc8 76. Rb6) 75... Kc7 76. Rc6+ Kd7 $1 {[#]} 77. Rc2 $1 {[%cal Rc2g2]} Kd6 78. Rd2 Kc7 79. Kf8 $2 (79. Rg2 $18 Kd6 80. Kg7) 79... Kd6 $2 {[%mdl 8192] [#]} (79... Rf1 $11 80. Rxb2 Rxf6+ 81. Ke7 Rh6) 80. f7 $1 Kd7 81. Rg2 {Precision: White = 60%, Black = 72%.} 1-0

[Event "Czech Olympiad Nomination 2018"]
[Site "Prague"]
[Date "2018.05.29"]
[Round "5"]
[White "Babula, Vlastimil"]
[Black "Plat, Vojtech"]
[Result "0-1"]
[WhiteElo "2556"]
[BlackElo "2556"]
[Annotator "TA"]
[PlyCount "72"]
[EventDate "2018.??.??"]
[EventType "tourn"]
[EventCountry "CZE"]
[SourceTitle "playchess.com"]
[Source "ChessBase"]
[SourceQuality "1"]

{[%evp 19,72,53,72,25,33,32,32,29,31,24,44,42,45,45,53,50,55,0,0,0,35,4,34,15,6,0,25,30,20,25,39,41,48,0,52,-14,-12,-75,-63,-246,-267,-254,-248,-225,-216,-378,-373,-367,-381,-366,-381,-365,-367,-357,-352]} 1. d4 d5 2. Nf3 Nf6 3. c4 c6 4. Nc3 g6 5. e3 Bg7 6. Be2 O-O 7. O-O dxc4 8. Bxc4 Nbd7 9. Bb3 {D94: Grünfeld: 4 Nf3 Bg7 5 e3} Nb6 10. h3 Bf5 {LiveBook: 3 Games} 11. Nh4 {White is better.} (11. g4 $5 {[%cal Rg4f5]} Be6 12. Bxe6 fxe6 13. e4 $14) (11. Qe2 Nbd5 12. Ne5 a5 13. Nxd5 cxd5 14. Qb5 Qd6 15. Bd2 b6 16. Rfc1 Rfc8 17. Rxc8+ Rxc8 {0-1 (36) Iturrizaga Bonelli,E (2650)-Jobava,B (2690) chess.com INT 2018}) 11... Be4 12. Nxe4 Nxe4 13. Qc2 $146 ({Predecessor:} 13. Nf3 e6 14. Qd3 Nc5 15. Qc2 Nxb3 16. Qxb3 Qd5 17. Qc2 {½-½ (29) Arshad Bakhtiari,F (2071)-Lopez Corominas,A Barcelona 2011}) 13... Nd6 14. Nf3 Rc8 15. Rd1 c5 16. dxc5 {Strongly threatening e4.} Nd7 17. e4 {[%cal Be3e4,Be4e5][%mdl 32] Be3 is the strong threat.} Qa5 18. Be3 (18. c6 $14) 18... Nxc5 $11 19. e5 Nf5 20. Bd2 Qa6 21. Bc4 b5 22. Bf1 Qb7 23. Bb4 Ne6 24. Qb3 Qb6 25. Bc3 Rb8 26. a3 Rfc8 (26... a5 $11) 27. Rd5 (27. Qb4 $1 $14) 27... Nc5 {[%cal Be6c5,Bc5e4,Be4f2][%mdl 32]} 28. Qb4 (28. Rxc5 $11 Qxc5 29. g4) 28... a5 $36 {[%mdl 2048] White is under pressure.} 29. Qg4 $2 (29. Qxa5 $15 Qxa5 30. Bxa5) 29... h5 $1 $19 {[%cal Rh5g4]} 30. Qf4 Bh6 $1 {[%cal Rh6f4]} 31. Qh2 e6 32. Rdd1 $2 (32. Rd6 {was called for.} Nxd6 33. exd6) 32... Ne4 {Black is winning.} 33. Bd4 Nxd4 34. Rxd4 {[#]} Nxf2 $1 {[%mdl 512]} 35. Kxf2 Rd8 36. Rad1 {[#]} Rxd4 $1 {Precision: White = 37%, Black = 69%.} 0-1

[Event "Czech Olympiad Nomination 2018"]
[Site "Prague"]
[Date "2018.05.30"]
[Round "6"]
[White "Krejci, Jan"]
[Black "Nguyen, Thai Dai Van"]
[Result "1/2-1/2"]
[WhiteElo "2582"]
[BlackElo "2549"]
[Annotator "TA"]
[PlyCount "92"]
[EventDate "2018.??.??"]
[EventType "tourn"]
[EventCountry "CZE"]
[SourceTitle "playchess.com"]
[Source "ChessBase"]
[SourceQuality "1"]

{[%evp 14,92,0,0,26,24,36,23,29,36,18,6,13,17,29,37,54,17,13,18,18,13,23,0,0,0,0,0,2,0,0,0,5,2,0,-22,-8,-8,-8,-7,-8,-8,-8,-9,-8,-10,0,-2,8,8,1,0,0,0,0,0,0,0,0,0,3,0,0,0,0,0,0,0,0,0,0,0,0,0,0,0,0,0,0,0,0]} 1. c4 e6 2. Nc3 d5 3. d4 Nf6 4. Bg5 Be7 5. e3 h6 6. Bh4 O-O 7. cxd5 Nxd5 8. Bxe7 {LiveBook: 15 Partien. D53: Damengambit (Hauptvariante, Abweichungen)} Nxe7 (8... Qxe7 9. Nxd5 exd5 10. Bd3 Re8 11. Ne2 Nd7 12. O-O Nf6 13. Qc2 c6 14. Rab1 a5 15. Nc3 Be6 {½-½ (31) Bogner,S (2552)-Adams,M (2753) Germany 2014}) 9. Be2 $146 ({Vorgänger:} 9. Bd3 Nd7 10. Nf3 c5 11. O-O cxd4 12. Nxd4 Nf6 13. Qe2 b6 14. Rfd1 Qc7 15. Ncb5 Qe5 16. Rac1 Nfd5 17. Nf3 Qf6 18. Qd2 Rd8 {1-0 (37) Eckhardt,W-Schindele,D (1615) Germany 1997}) 9... Nd7 10. Nf3 {Weiß steht etwas besser.} c5 11. O-O b6 12. Qa4 cxd4 13. Nxd4 Nc5 14. Qa3 Bb7 15. Rfd1 {[#] zielt auf Sxe6! ab.} Nd5 16. Nxd5 Qxd5 {[%csl Gb7][%cal Rd5g2]} 17. Bf3 Qd7 18. b4 Bxf3 $1 {Die Stellung ist ausgeglichen.} 19. Nxf3 Qa4 20. Qb2 Na6 {[%cal Bc5a6,Ba6c7,Bc7d5][%mdl 32]} 21. Rd4 Rfd8 22. a3 Nc7 23. h4 Rxd4 24. Qxd4 a5 {Droht ...axb4.} 25. Rc1 Nd5 26. bxa5 Qxd4 27. Nxd4 {[#] Droht stark e4.} Rxa5 $11 {[%mdl 4096] Endspiel KTS-KTS} 28. Rc8+ Kh7 29. Nc2 Ra7 30. e4 Rc7 (30... Nf6 {with more complications.} 31. f3 g5 32. Kh2 Kg7 33. Kg3 Nd7) 31. Rxc7 Nxc7 {KS-KS} 32. f3 Kg6 33. Kf2 Kf6 34. Ke3 Ke5 35. f4+ Kd6 36. Kd4 f6 {[%cal Bf7f6,Bf6e5][%mdl 32]} 37. a4 e5+ 38. fxe5+ fxe5+ 39. Kc4 Ne8 40. Ne3 Nf6 41. Kb5 Kc7 42. Nc4 Nxe4 {...Sd6+ ist eine echte Drohung.} 43. Nxb6 Nd6+ 44. Kc5 Nb7+ 45. Kb5 Nd6+ 46. Kc5 Nb7+ {Precision: Weiß = 81%, Schwarz = 72%.} 1/2-1/2

[Event "Czech Olympiad Nomination 2018"]
[Site "Prague"]
[Date "2018.05.30"]
[Round "6"]
[White "Stocek, Jiri"]
[Black "Babula, Vlastimil"]
[Result "1/2-1/2"]
[WhiteElo "2574"]
[BlackElo "2556"]
[Annotator "TA"]
[PlyCount "30"]
[EventDate "2018.??.??"]
[EventType "tourn"]
[EventCountry "CZE"]
[SourceTitle "playchess.com"]
[Source "ChessBase"]
[SourceQuality "1"]

{[%evp 28,30,0,0,0]} 1. d4 d5 2. c4 dxc4 3. e4 Nf6 4. e5 Nd5 5. Bxc4 Nb6 6. Bb3 Nc6 7. Nf3 Bg4 8. Ng5 Bxd1 9. Bxf7+ Kd7 10. Be6+ $146 Ke8 11. Bf7+ Kd7 12. Be6+ Ke8 13. Bf7+ Kd7 14. Be6+ Ke8 15. Bf7+ {LiveBook: 141 Partien} Kd7 {D20: Angenommenes Damengambit} 1/2-1/2

[Event "Czech Olympiad Nomination 2018"]
[Site "Prague"]
[Date "2018.05.30"]
[Round "6"]
[White "Plat, Vojtech"]
[Black "Michalik, Peter"]
[Result "1/2-1/2"]
[WhiteElo "2556"]
[BlackElo "2560"]
[Annotator "TA"]
[PlyCount "81"]
[EventDate "2018.??.??"]
[EventType "tourn"]
[EventCountry "CZE"]
[SourceTitle "playchess.com"]
[Source "ChessBase"]
[SourceQuality "1"]

{[%evp 28,81,28,3,27,0,0,0,0,-20,-7,-7,-7,-10,-10,-11,-15,-27,-28,-27,-31,-24,-16,-18,-8,-24,-18,-25,-18,-16,-19,-29,0,-20,-8,0,-8,-1,0,0,0,0,6,0,43,0,0,0,0,0,0,0,0,0,0,0]} 1. e4 e5 2. Nf3 Nc6 3. d4 exd4 4. Nxd4 Nf6 5. Nc3 Bb4 6. Nxc6 bxc6 7. Bd3 O-O 8. O-O d5 9. exd5 cxd5 10. Qf3 c6 11. Bg5 h6 12. Bxf6 Qxf6 13. Qxf6 gxf6 14. Ne2 Rb8 15. Nd4 {LiveBook: 3 Games. C47: Scotch Four Knights and Four Knights with 4 g3} (15. Rad1 Bc5 16. b3 Bg4 17. h3 Bxe2 18. Bxe2 Rfe8 19. Bd3 Bb4 20. g4 d4 21. Kg2 Re5 22. Kf3 Rbe8 {½-½ (31) Zhou,W (2606)-Wei,Y (2727) China 2017}) 15... Rb6 16. c4 Bd6 $146 ({Predecessor:} 16... Rd8 17. Nb3 Bf8 18. cxd5 cxd5 19. Rac1 Be6 20. Rfd1 a5 21. Rc2 Rdb8 22. Rdd2 Bb4 {0-1 (36) Buxade Roca,G (2255)-Skembris,S (2475) Sitges 1999}) 17. cxd5 cxd5 18. Nb3 Be5 19. Rab1 Be6 20. f4 Bd6 21. Rbc1 a5 22. f5 Bd7 23. Nc5 Bc6 24. b3 Rc8 25. Na4 Rbb8 26. Ba6 Rc7 27. Nc3 Be5 28. Rfd1 Rb6 {[#] White must now prevent ...Ba8.} 29. Bd3 Ra7 30. Rc2 Kg7 31. Na4 Bxa4 32. bxa4 Rb4 33. Bb5 Re7 34. g3 Bd4+ 35. Kg2 Re3 36. Rcd2 Be5 {The position is equal.} 37. Rxd5 h5 {[%cal Bh6h5,Bh5h4][%mdl 32]} 38. R1d2 h4 {[%cal Rh4g3]} 39. R5d3 Rxd3 40. Rxd3 Rb2+ 41. Kh3 {Precision: White = 48%, Black = 70%.} 1/2-1/2

[Event "Czech Olympiad Nomination 2018"]
[Site "Prague"]
[Date "2018.05.31"]
[Round "7"]
[White "Stocek, Jiri"]
[Black "Plat, Vojtech"]
[Result "1/2-1/2"]
[WhiteElo "2574"]
[BlackElo "2556"]
[Annotator "TA"]
[PlyCount "146"]
[EventDate "2018.??.??"]
[EventType "tourn"]
[EventCountry "CZE"]
[SourceTitle "playchess.com"]
[Source "ChessBase"]
[SourceQuality "1"]

{[%evp 9,146,12,23,11,29,0,36,35,52,-7,14,0,12,-7,-7,-7,-7,0,0,-9,0,-4,-9,-8,0,0,0,-2,0,0,0,-23,0,0,0,0,0,0,0,0,0,-46,-45,-61,-47,-50,0,0,4,-52,0,-57,-19,-51,-46,-57,-57,-58,-58,-81,-85,-72,-77,-132,-125,-116,-98,-102,-46,-46,-46,-46,-46,-46,-46,-46,-28,-28,0,0,0,-58,-58,-58,-58,-65,-58,-116,-116,-116,-46,-46,-46,-46,-46,-46,-49,-56,0,-56,-56,-56,0,-46,-46,-56,-46,-46,-46,-46,-30,-46,-46,-46,0,-46,-30,-46,-46,-46,-29,-29,-18,-29,-28,-46,-36,-46,-36,-36,-43,-43,0,0,0,0,0,0,0]} 1. d4 d5 2. Nf3 Nc6 3. Bf4 Bg4 4. e3 e6 5. a3 (5. h3 Bh5 6. g4 Bg6 7. Bb5 Nge7 8. Ne5 a6 9. Nxg6 Nxg6 10. Bxc6+ bxc6 11. Bg3 Rb8 12. b3 Bd6 13. Nc3 Bxg3 14. fxg3 {½-½ (28) Kunin,V (2584)-Rapport,R (2720) Karlsruhe 2016}) 5... Bd6 6. Bg3 {D02: 1 d4 d5 2 Nf3 sidelines, including 2...Nf6 3 g3 and 2...Nf6 3 Bf4} e5 7. dxe5 Nxe5 8. Be2 {White is slightly better.} Bxf3 9. Bxf3 (9. gxf3 $14 Nf6 10. O-O) 9... Nf6 10. Nc3 $146 ({Predecessor:} 10. Bh4 c6 11. Nd2 Qe7 12. Qe2 O-O {½-½ (55) Konya,L (2142)-Horvath,K (2154) Hungary 2012}) 10... c6 11. e4 O-O 12. exd5 Nxf3+ 13. Qxf3 Re8+ 14. Kf1 cxd5 {Threatening ...Qb6.} 15. Rd1 Bxg3 16. hxg3 Qb6 17. b3 $1 Rac8 18. Rh4 Qa5 19. b4 $1 {[%cal Rb4a5]} Qa6+ 20. b5 Qxa3 (20... Qa5 {looks sharper.} 21. Nxd5 Nxd5 22. Qxd5 Rcd8 23. Re4 Rf8) 21. Nxd5 Qxf3 22. gxf3 Nxd5 23. Rxd5 Rxc2 $11 {[%mdl 4096] Endgame KRR-KRR} 24. Rd7 g5 25. Rh2 b6 26. Rxa7 Re5 27. Rh5 Kg7 (27... Rxb5 $15 28. f4 h6 $1 {[%mdl 512]} 29. Rxh6 Rbb2) 28. f4 Ree2 29. Rh2 (29. Rxg5+ $11 Kf6 30. Kg2) 29... g4 (29... h6 $15) 30. f5 (30. Ra6 $11) 30... Re4 {White must now prevent ...Rc1+.} 31. Ra1 Rb4 32. Kg1 h6 33. Rh4 Rc5 34. Rh5 Rcxb5 35. Kg2 Rc5 36. Rah1 {[#]} (36. Ra2 $142) 36... Rc6 $1 $17 37. R5h4 Rf6 38. Rh5 b5 (38... Rd6 $17) 39. Rd1 $15 Rc4 40. Rd5 $1 b4 {Strongly threatening ...Rb6.} 41. Rb5 $1 Rd6 42. Rh1 Rd2 {Hoping for ...Rcc2.} 43. Rh4 $1 b3 44. Rxb3 {[#]} h5 $1 {[%mdl 512]} 45. Rh1 ({White should play} 45. Rxh5 $11 Rcc2 46. Rg5+ Kf6 47. Rxg4) 45... Rcc2 46. Rf1 Rd5 47. Rb6 Rxf5 48. Ra6 (48. Rb3 $1 $15) 48... Rf3 $17 49. Rb6 Rc5 ({Black should try} 49... f6 $17 50. Rb7+ Kg6) 50. Rb2 $15 Rcf5 51. Ra1 Rc3 52. Rba2 Rcc5 53. Rb2 Rc3 54. Rba2 $1 Rff3 55. Rb1 Rfd3 (55... Rc5 $15) 56. Rba1 Kg6 57. Rb2 f6 58. Re1 Rd5 59. Rh1 Kg5 60. Ra2 Rf3 61. Rb1 Rc3 62. Rh1 Rc4 63. Ra8 Rf5 64. Ra2 $1 Kg6 65. Rb1 Re5 66. Rd1 Rcc5 67. Rh1 Re8 68. Rb2 Kg5 69. Rb7 Kh6 70. Ra1 Re2 71. Ra8 {The position is equal.} Kg6 72. Rg8+ Kf5 73. Rh7 Rcc2 {Precision: White = 55%, Black = 40%.} 1/2-1/2

[Event "Czech Olympiad Nomination 2018"]
[Site "Prague"]
[Date "2018.05.31"]
[Round "7"]
[White "Babula, Vlastimil"]
[Black "Krejci, Jan"]
[Result "1/2-1/2"]
[WhiteElo "2556"]
[BlackElo "2582"]
[Annotator "TA"]
[PlyCount "69"]
[EventDate "2018.??.??"]
[EventType "tourn"]
[EventCountry "CZE"]
[SourceTitle "playchess.com"]
[Source "ChessBase"]
[SourceQuality "1"]

{[%evp 10,69,27,25,30,33,32,27,59,33,74,50,83,6,15,0,0,-7,0,-27,37,32,78,86,79,25,44,4,10,0,0,0,0,0,0,0,0,0,0,0,0,0,0,0,0,0,0,0,0,0,0,0,0,0,0,0,0,0,0,0,0,0]} 1. d4 d5 2. c4 e6 3. Nc3 a6 4. cxd5 exd5 5. Bf4 (5. Nf3 Nf6 6. Bg5 Be6 7. e3 Nbd7 8. Bd3 Bd6 9. O-O c6 10. Bf4 Qc7 11. Bxd6 Qxd6 12. Qc2 {½-½ (12) Lenic,L (2659)-Berkes,F (2688) Velky Cetin 2018}) 5... Nf6 6. e3 {LiveBook: 51 Games. D31: Queen's Gambit Declined: Semi-Slav without ...Nf6 (+ Marshall Gambit and Noteboom) and Exchange Variation lines without ...Nf6} Bf5 7. Nge2 $146 ({Predecessor:} 7. Nf3 Be7 8. h3 Nbd7 9. g4 Be6 10. Bd3 c5 11. Qe2 c4 12. Bc2 b5 {0-1 (37) Kalesis,N (2409)-Delithanasis,D (2165) Athens 1999}) 7... Bd6 8. Ng3 {[#] aiming for Bxd6.White is slightly better.} Bg6 9. Be5 Nc6 10. f4 (10. Bxf6 $5 Qxf6 11. Nxd5 $14) 10... Ne7 {[#]} 11. Bd3 (11. Be2 $1 $16) 11... Qd7 12. O-O Bxd3 $1 13. Qxd3 h5 14. e4 dxe4 (14... h4 $11 15. Bxf6 gxf6) 15. Ngxe4 $14 Bxe5 16. fxe5 Nxe4 17. Nxe4 (17. Qxe4 $16 Qc6 18. Qf4) 17... Nc6 $11 18. d5 {Black must now prevent e6.} (18. Rad1 $5 {[%cal Re5e6]} O-O-O 19. d5 Nxe5 20. Qd4 $14) 18... Nxe5 {The position is equal.} 19. Qd4 f6 $1 20. Nxf6+ gxf6 21. Rxf6 O-O-O $1 ({Wrong is} 21... Qe7 $2 22. Re6 $18) 22. Qxe5 Qxd5 23. Qxd5 Rxd5 {[%mdl 4096] Endgame KRR-KRR} 24. Re1 Rd2 25. Rf2 Rhd8 26. h3 R8d4 27. Ree2 Rxe2 28. Rxe2 {KR-KR} Kd7 29. Kf2 c5 30. Kf3 h4 31. g4 {Strongly threatening g5.} hxg3 32. Kxg3 Rd3+ 33. Kg4 Rd4+ 34. Kg5 {Threatening h4.} Rd5+ 35. Kg4 {Precision: White = 58%, Black = 69%.} 1/2-1/2

[Event "Czech Olympiad Nomination 2018"]
[Site "Prague"]
[Date "2018.05.31"]
[Round "7"]
[White "Nguyen, Thai Dai Van"]
[Black "Michalik, Peter"]
[Result "1/2-1/2"]
[WhiteElo "2549"]
[BlackElo "2560"]
[Annotator "TA"]
[PlyCount "186"]
[EventDate "2018.??.??"]
[EventType "tourn"]
[EventCountry "CZE"]
[SourceTitle "playchess.com"]
[Source "ChessBase"]
[SourceQuality "1"]

{[%evp 19,186,5,0,10,47,0,0,0,10,11,43,51,39,39,110,105,89,98,99,81,89,93,79,79,97,84,135,72,77,68,68,48,75,70,61,54,52,62,77,78,69,12,14,0,0,0,0,0,0,0,0,0,0,0,-7,-32,2,-29,-29,-29,-24,-78,-43,-106,52,-20,0,-6,-7,-18,-17,-29,-14,-74,0,-6,-6,-10,0,0,0,0,0,0,0,0,0,0,0,0,0,-22,0,-45,-14,-35,-4,-9,0,-53,-53,-51,0,0,0,0,0,0,0,0,0,0,0,0,0,0,0,0,0,0,0,0,0,0,0,-8,0,0,0,0,0,0,0,-8,-8,-152,-154,-154,-154,-2115,-2359,-1696,-269,-811,-269,-12850,-29944,-29945,-29946,-29946,-29948,-29947,-29943,-29939,0,-5810,0,0,0,-1104,0,0,0,0,0,0,0,0,0]} 1. c4 e6 2. Nc3 d5 3. d4 Be7 4. cxd5 exd5 5. Bf4 c6 6. e3 Bf5 7. g4 Be6 8. h3 h5 {D31: Queen's Gambit Declined: Semi-Slav without ...Nf6 (+ Marshall Gambit and Noteboom) and Exchange Variation lines without ...Nf6} (8... Nd7 9. Bd3 g5 10. Bh2 h5 11. f3 Ngf6 12. Qc2 Nb6 13. O-O-O Bd6 14. Qg2 Bxh2 15. Rxh2 Qc7 16. Rh1 {1-0 (56) Mchedlishvili,M (2602)-Jojua,D (2586) Tbilisi 2018}) 9. gxh5 Nd7 10. Be2 Ndf6 {LiveBook: 5 Games} 11. Be5 Bd6 12. Bxd6 Qxd6 13. h4 $146 ({Predecessor:} 13. Nf3 Nxh5 14. Ne5 Nhf6 15. Qb3 Qc7 {0-1 (67) Savina,A (2325)-Mkrtchian,L (2458) Gaziantep 2012}) 13... Qb4 14. a3 Qe7 15. Nh3 Bxh3 16. Rxh3 Nh6 (16... Qd6 $14) 17. Rg3 $16 Kf8 18. Qc2 Ne8 {[%cal Bf6e8,Be8c7,Bc7e6][%mdl 32]} 19. Rg5 Nc7 20. O-O-O Ne6 21. Rg3 Qxh4 22. Rdg1 Qe7 (22... Re8 $142) 23. f4 (23. Bf1 $142) 23... Nc7 24. Nd1 ({Much worse is} 24. Rxg7 Qxe3+ 25. Kb1 Ne6 $15) 24... Ne8 25. Bd3 Rc8 26. Kb1 (26. Qg2 $5 {[%cal Rg3g7]}) 26... Rc7 27. Nf2 Qd6 28. Nh3 Ke7 29. Ng5 Kd8 30. Nf3 (30. e4 $14) 30... Kc8 $11 31. Ne5 Kb8 32. Qb3 Ng8 33. Qd1 Ngf6 34. Rh1 Qf8 35. Rg5 Rh6 36. Ka1 Qh8 37. Qg1 a6 38. f5 Qf8 39. Ka2 Qe7 40. Qg2 (40. Ng4 $11) 40... Ka7 41. Qg3 (41. Bc2 $15) 41... Nh7 $2 ({Black should try} 41... c5 $17) 42. Rg4 (42. Rxg7 $1 $14 Nxg7 43. Qxg7) 42... f6 43. Ng6 Qd6 44. Nf4 $1 Ng5 45. Rhh4 Qd7 (45... Re7 {seems wilder.} 46. Rh2 Qd7 47. Ng6 Rf7 48. Qg2 Qc8) 46. Nh3 {[#]} (46. Rh2 $11 {keeps the balance.}) 46... Nxh3 ({Black should play} 46... Ne4 $1 $17 {[%cal Re4g3][%mdl 512]} 47. Bxe4 dxe4) 47. Rxh3 Rh7 48. Rg6 Qd6 49. Qxd6 Nxd6 50. h6 {next hxg7 is good for White.} Ne8 51. hxg7 Rcxg7 52. Rxg7 Rxg7 {[%mdl 4096] Endgame KRB-KRN} 53. Kb3 Rg5 54. Kc3 Nd6 55. Rf3 a5 56. Rf2 Kb6 57. Kd2 a4 58. Rh2 $1 Ka5 59. Rf2 (59. Rh7 $11) 59... b5 $15 60. Rh2 Nc4+ (60... Kb6 $15) 61. Bxc4 $1 $11 bxc4 {KR-KR} 62. e4 Kb5 63. Rh8 Rg4 64. Rb8+ Ka6 65. exd5 cxd5 66. Rf8 Rxd4+ 67. Kc2 Rf4 68. Rxf6+ Kb5 69. Rf8 $1 Kc5 70. f6 $1 Rf2+ 71. Kb1 $1 Kd6 72. Rd8+ Ke6 73. Re8+ Kf7 74. Rd8 Ke6 75. Re8+ Kd6 76. Rd8+ Ke5 77. Re8+ (77. Ra8 $1 $11 {was the only way to keep the balance.}) 77... Kd4 $1 $17 78. Rf8 Kd3 $1 79. Rd8 $2 (79. Ka1 $17) 79... d4 $19 {[%cal Bd5d4,Bd4d3,Bd3d2][%mdl 32]} 80. Rd6 Rf1+ (80... Ke3 $142 81. Kc1 Kd3) 81. Ka2 Ke3 $2 (81... Ke4 82. Rc6 Kd5) 82. Re6+ {[#]} Kd2 $1 83. Rc6 d3 84. Rxc4 Rxf6 85. Rxa4 Ke3 86. Ra8 {[#]} d2 $1 87. Re8+ $1 Kf2 $2 (87... Kd3 $19 88. Rd8+ Kc2 89. Rc8+ Kd3 90. Rd8+ Kc2 91. Rc8+ Kd1) 88. Rd8 $11 Ke2 {White must now prevent ...Rf3.} 89. Re8+ $2 {[%mdl 8192]} (89. Kb3 $11) 89... Kd1 $2 ({Better is} 89... Kd3 $19 90. Rd8+ Kc2 91. Rc8+ Kd1) 90. b4 {The position is equal.} Rc6 91. Kb2 Rc2+ 92. Kb1 Rc3 {And now ...Rb3+ would win.} 93. Kb2 $1 {[%cal Rb2c3]} Rc2+ {Precision: White = 62%, Black = 56%.} 1/2-1/2

[Event "Czech Olympiad Nomination 2018"]
[Site "Prague"]
[Date "2018.06.01"]
[Round "8"]
[White "Krejci, Jan"]
[Black "Stocek, Jiri"]
[Result "1/2-1/2"]
[WhiteElo "2582"]
[BlackElo "2574"]
[Annotator "TA"]
[PlyCount "72"]
[EventDate "2018.??.??"]
[EventType "tourn"]
[EventCountry "CZE"]
[SourceTitle "playchess.com"]
[Source "ChessBase"]
[SourceQuality "1"]

{[%evp 9,72,-11,-16,-18,12,-18,0,-8,5,0,0,16,12,0,12,0,18,0,0,-24,0,0,-4,-13,-10,-7,2,-17,-13,-18,-4,0,6,3,3,0,0,-7,0,-79,-72,-87,-58,-243,-127,-191,-165,-155,-163,-943,-146,-137,-143,-186,-108,-85,0,0,0,0,0,0,0,0,0]} 1. c4 e5 2. g3 Nc6 3. Bg2 Bc5 4. Nc3 d6 5. Na4 (5. e3 a6 6. Nf3 Nf6 7. O-O Ba7 8. d4 exd4 9. exd4 O-O 10. h3 h6 11. Re1 Re8 12. Be3 Ne7 13. d5 Bxe3 14. Rxe3 Bd7 15. Qd2 b5 16. cxb5 axb5 17. b4 Ng6 18. Rxe8+ Qxe8 {½-½ (62) Howell,D (2676)-Fedorchuk,S (2648) Riadh 2017}) 5... Nge7 {LiveBook: 12 Partien} 6. Nf3 {A25: Englische Eröffnung (Sizilianisch im Anzug)} O-O $146 ({Vorgänger:} 6... Be6 7. Nxc5 dxc5 8. d3 f6 9. Be3 b6 10. O-O O-O 11. Nd2 Qe8 12. Re1 Rd8 13. Qa4 a5 {0-1 (30) Berkovich,M (2410)-Narciso Dublan,M (2518) Andorra 2003}) 7. d3 Bf5 8. O-O f6 9. a3 a5 10. Bd2 Qd7 11. Re1 Kh8 12. Rb1 Ba7 13. Nc3 Bh3 14. Bh1 Nd8 15. b4 axb4 16. axb4 Ne6 17. Ra1 c6 18. Ra2 Bb6 19. Qa1 Rae8 20. Rb1 f5 {[%cal Bf6f5,Bf5f4][%mdl 32] [#]} 21. c5 $1 {[%mdl 512]} Bc7 (21... dxc5 22. Na4) 22. cxd6 Bxd6 23. b5 c5 24. b6 (24. Qb2 $11 {bleibt in der Remisbreite.}) 24... Nc6 $17 25. Nb5 f4 26. Ra7 $2 (26. Bc3 $1 $15) 26... Bb8 ({Nicht} 26... Nxa7 27. bxa7 e4 28. dxe4 $16 (28. Nxd6 Qxd6 29. dxe4 Qd7 $14)) (26... Ned4 $1 $19 {[%cal Rd4e2]} 27. Nfxd4 Nxd4 28. Nxd4 exd4 29. Bxb7 fxg3 30. hxg3 Qg4) 27. Bc3 (27. Qc3 $17 {war angesagt.}) 27... Ned4 ({Bloß nicht} 27... Bxa7 28. bxa7 Ned4 29. Bxd4 $15) 28. Bxd4 exd4 29. Qa3 $2 (29. Rb2) 29... Bxa7 $2 (29... Qg4 $19 {[%cal Rf4g3]} 30. Nc7 fxg3 31. hxg3 Rxe2) 30. bxa7 Qe7 31. Ra1 Nxa7 ({Und nicht} 31... Qxe2 32. a8=Q $16) (31... Ra8 $19 32. Qb2 g5) 32. Qxa7 {[#]} Qxe2 (32... Rf6 $1 $17 33. Ra2 {[#]} Ra6 $1 {[%mdl 512]} 34. Rxa6 bxa6 35. Qxe7 Rxe7) 33. Nd6 $1 $11 {[%cal Rd6e8] [#]Die Stellung ist ausgeglichen.} fxg3 $1 {[%mdl 512]} 34. hxg3 (34. fxg3 Qe3#) 34... Rxf3 35. Bxf3 Qxf3 {[%csl Gh3][%cal Rf3g2]} 36. Qxb7 Qxb7 {Precision: Weiß = 39%, Schwarz = 37%.} 1/2-1/2